[Event "Titled Tuesday intern op 09th Jan Early"]
[Site "Chess.com INT"]
[Date "2024.01.09"]
[Round "5"]
[White "Filali, Razzouki Marouan"]
[Black "Goltseva, Ekaterina"]
[Result "0-1"]
[WhiteElo "2234"]
[BlackElo "2329"]
[PlyCount "86"]
[EventDate "2024.01.09"]
[EventType "swiss (blitz)"]
[EventRounds "11"]
[EventCountry "USA"]
[SourceTitle "CB03_2024"]
[SourceDate "2024.01.17"]
[SourceVersion "1"]
[SourceVersionDate "2024.01.17"]
[SourceQuality "1"]

1. e4 c5 2. Nf3 Nf6 3. Nc3 d5 4. exd5 Nxd5 5. Bc4 Nxc3 6. bxc3 e6 7. 0-0 Nc6 8. d4 Be7 9. Be3 cxd4 10. cxd4 0-0 11. Rb1 b6 12. a4 Na5 13. Ba2 Ba6 14. Re1 Rc8 15. Ne5 Nc4 16. Bxc4 Bxc4 17. Qd2 Qd5 18. h3 Ba6 19. Nd3 Bb7 20. Nf4 Qd7 21. a5 b5 22. Qe2 a6 23. Qg4 f5 24. Qg3 Bd6 25. Re2 Be4 26. Rc1 Qc7 27. f3 Bb7 28. Qh4 Qc4 29. Rce1 Bb4 30. Nxe6 Qxe6 31. Bd2 Qc4 32. Bxb4 Qxb4 33. Re7 Bd5 34. Qg5 Bf7 35. Qxf5 Qxd4+ 36. Kh1 Rcd8 37. Rc7 Bc4 38. Qg5 Qf6 39. Qg3 Rf7 40. Rxf7 Bxf7 41. Re4 h6 42. Kh2 Qd6 43. Rf4 Rc8 0-1

[Event "Titled Tuesday intern op 09th Jan Early"]
[Site "Chess.com INT"]
[Date "2024.01.09"]
[Round "6"]
[White "Kashefi, Amir Hossein"]
[Black "Filali, Razzouki Marouan"]
[Result "0-1"]
[WhiteElo "2193"]
[BlackElo "2234"]
[PlyCount "84"]
[EventDate "2024.01.09"]
[EventType "swiss (blitz)"]
[EventRounds "11"]
[EventCountry "USA"]
[SourceTitle "CB03_2024"]
[SourceDate "2024.01.17"]
[SourceVersion "1"]
[SourceVersionDate "2024.01.17"]
[SourceQuality "1"]

1. c4 g6 2. g3 Bg7 3. Bg2 e6 4. Nf3 Ne7 5. 0-0 0-0 6. Nc3 d5 7. Rb1 c5 8. cxd5 Nxd5 9. d4 cxd4 10. Nxd4 Nc6 11. Nxd5 Nxd4 12. Nc3 a6 13. Be3 Nf5 14. Bc5 Re8 15. Ne4 Bd7 16. Qb3 Bc6 17. Bb6 Qe7 18. Rfd1 Bd5 19. Qa4 Bc6 20. Qa5 Bd5 21. Rbc1 Rac8 22. b3 h5 23. h4 Bb2 24. Rxc8 Rxc8 25. Nc5 Bxg2 26. Kxg2 Kh7 27. e4 Nxh4+ 28. gxh4 Qxh4 29. Rd3 Be5 30. Qd2 Qh2+ 31. Kf1 Qh1+ 32. Ke2 Qg2 33. Rf3 Qg4 34. Qd7 Rf8 35. Qe7 Kg8 36. Nd7 Qxe4+ 37. Re3 Qc2+ 38. Kf1 Qd1+ 39. Re1 Qd3+ 40. Kg1 Bd6 41. Qg5 Bh2+ 42. Kxh2 Qxd7 0-1

[Event "Titled Tuesday intern op 12th Sep Late"]
[Site "Chess.com INT"]
[Date "2023.09.12"]
[Round "5"]
[White "Dyachuk, Artem"]
[Black "Filali, Razzouki Marouan"]
[Result "1-0"]
[WhiteElo "2236"]
[BlackElo "2234"]
[PlyCount "67"]
[EventDate "2023.09.12"]
[EventType "swiss (blitz)"]
[EventRounds "11"]
[EventCountry "USA"]
[SourceTitle "EXT 2024"]
[Source "ChessBase"]
[SourceDate "2023.10.10"]
[SourceVersion "1"]
[SourceVersionDate "2023.10.10"]
[SourceQuality "1"]

1. d4 Nf6 2. c4 e6 3. Nc3 d5 4. cxd5 exd5 5. Bg5 Be7 6. e3 c6 7. Bd3 Nbd7 8. Qc2 Nh5 9. Bxe7 Qxe7 10. Nge2 g6 11. 0-0 0-0 12. Rae1 f5 13. Nc1 Ndf6 14. f3 Qb4 15. Nb3 Bd7 16. Qf2 a5 17. Nc5 Rad8 18. N3a4 Ne4 19. fxe4 fxe4 20. a3 Rxf2 21. axb4 Rd2 22. Be2 b5 23. Bxh5 bxa4 24. Re2 Rxe2 25. Bxe2 axb4 26. Ra1 Bf5 27. Rxa4 Rb8 28. Na6 Rc8 29. Rxb4 Ra8 30. Rb8+ Rxb8 31. Nxb8 Kf7 32. Nxc6 Bd7 33. Ne5+ Ke6 34. Bg4+ 1-0

[Event "Titled Tuesday intern op 12th Sep Early"]
[Site "Chess.com INT"]
[Date "2023.09.12"]
[Round "10"]
[White "Herman, Daniel"]
[Black "Filali, Razzouki Marouan"]
[Result "0-1"]
[WhiteElo "1927"]
[BlackElo "2234"]
[PlyCount "46"]
[EventDate "2023.09.12"]
[EventType "swiss (blitz)"]
[EventRounds "11"]
[EventCountry "USA"]
[SourceTitle "EXT 2024"]
[Source "ChessBase"]
[SourceDate "2023.10.10"]
[SourceVersion "1"]
[SourceVersionDate "2023.10.10"]
[SourceQuality "1"]

1. c4 Nf6 2. Nc3 e6 3. e4 d5 4. e5 d4 5. exf6 dxc3 6. bxc3 Qxf6 7. Bd3 Nc6 8. Nf3 Bd6 9. 0-0 g5 10. Re1 g4 11. Nd4 Nxd4 12. cxd4 Qxd4 13. Be4 Qxa1 14. Qb3 Bd7 15. Qxb7 0-0 16. Qb3 f5 17. Bxa8 Rxa8 18. c5 Bxc5 19. Kf1 Qd4 20. Re3 Qd5 21. Rc3 Qxb3 22. axb3 Bb6 23. Rd3 Bb5 0-1

[Event "Titled Tuesday intern op 12th Sep Early"]
[Site "Chess.com INT"]
[Date "2023.09.12"]
[Round "8"]
[White "Hrebenshchykova, Yelyzaveta"]
[Black "Filali, Razzouki Marouan"]
[Result "0-1"]
[WhiteElo "2324"]
[BlackElo "2234"]
[PlyCount "92"]
[EventDate "2023.09.12"]
[EventType "swiss (blitz)"]
[EventRounds "11"]
[EventCountry "USA"]
[SourceTitle "EXT 2024"]
[Source "ChessBase"]
[SourceDate "2023.10.10"]
[SourceVersion "1"]
[SourceVersionDate "2023.10.10"]
[SourceQuality "1"]

1. e4 c5 2. Nf3 d6 3. d4 cxd4 4. Nxd4 Nf6 5. Nc3 a6 6. Bg5 e6 7. Qe2 Be7 8. 0-0-0 Qc7 9. f4 h6 10. Bh4 Nc6 11. Nxc6 bxc6 12. e5 Nd5 13. Bxe7 Qxe7 14. Ne4 dxe5 15. fxe5 0-0 16. Qg4 f5 17. exf6 Nxf6 18. Nxf6+ Qxf6 19. Bd3 e5 20. Qe2 Qf4+ 21. Kb1 Bg4 22. Qe1 Bxd1 23. Qxd1 Rad8 24. Qe1 e4 25. Qxe4 Qxe4 26. Bxe4 c5 27. b3 Rf2 28. h4 Rdf8 29. Kb2 Rf1 30. Rh3 R8f4 31. Bd5+ Kf8 32. Rc3 Rxh4 33. Rxc5 Rg4 34. Rc7 h5 35. c4 h4 36. Ra7 Rf6 37. a4 Rd6 38. Ka3 Rg3 39. Ra8+ Ke7 40. Kb4 Rb6+ 41. Kc5 Rgxb3 42. Ra7+ Kf6 43. Rf7+ Kg6 44. a5 Rb8 45. Rc7 Kg5 46. Ra7 Rb2 0-1

[Event "Titled Tuesday intern op 12th Sep Late"]
[Site "Chess.com INT"]
[Date "2023.09.12"]
[Round "4"]
[White "Kashefi, Amir Hossein"]
[Black "Filali, Razzouki Marouan"]
[Result "1-0"]
[WhiteElo "2194"]
[BlackElo "2234"]
[PlyCount "85"]
[EventDate "2023.09.12"]
[EventType "swiss (blitz)"]
[EventRounds "11"]
[EventCountry "USA"]
[SourceTitle "EXT 2024"]
[Source "ChessBase"]
[SourceDate "2023.10.10"]
[SourceVersion "1"]
[SourceVersionDate "2023.10.10"]
[SourceQuality "1"]

1. d4 Nf6 2. Nf3 e6 3. g3 d5 4. Bg2 Be7 5. 0-0 0-0 6. c4 c6 7. Nc3 Nbd7 8. b3 b6 9. Bb2 Ba6 10. Nd2 Rc8 11. Rc1 Re8 12. e4 dxe4 13. Ncxe4 Nxe4 14. Bxe4 Bf6 15. Bb1 g6 16. Re1 c5 17. Ne4 cxd4 18. Bxd4 Bxd4 19. Qxd4 e5 20. Qxd7 Qxd7 21. Nf6+ Kg7 22. Nxd7 Rc7 23. Rcd1 f6 24. f4 Bc8 25. Nb8 Bg4 26. Na6 Rce7 27. Rc1 e4 28. Nb4 e3 29. Nd5 Rd7 30. Rxe3 Rxd5 31. Rxe8 Rd2 32. Ree1 Bf3 33. Rc2 Rd4 34. Kf2 Bc6 35. Rce2 Kh6 36. Be4 Bd7 37. Bf3 a5 38. Re7 Bf5 39. h4 Rd2+ 40. R1e2 Rd1 41. g4 Bd3 42. g5+ fxg5 43. hxg5# 1-0

[Event "Titled Tuesday intern op 12th Sep Early"]
[Site "Chess.com INT"]
[Date "2023.09.12"]
[Round "1"]
[White "Shapiro, Viktor"]
[Black "Filali, Razzouki Marouan"]
[Result "1/2-1/2"]
[WhiteElo "2113"]
[BlackElo "2234"]
[PlyCount "215"]
[EventDate "2023.09.12"]
[EventType "swiss (blitz)"]
[EventRounds "11"]
[EventCountry "USA"]
[SourceTitle "EXT 2024"]
[Source "ChessBase"]
[SourceDate "2023.10.10"]
[SourceVersion "1"]
[SourceVersionDate "2023.10.10"]
[SourceQuality "1"]

1. c4 Nf6 2. Nc3 e6 3. Nf3 d5 4. d4 c5 5. e3 cxd4 6. exd4 dxc4 7. Bxc4 Be7 8. 0-0 0-0 9. Qe2 a6 10. Bg5 b5 11. Bb3 Bb7 12. Rad1 Kh8 13. Rfe1 h6 14. Bh4 b4 15. Na4 Nd5 16. Bg3 Nd7 17. Ne5 Nxe5 18. Bxe5 Rc8 19. Qd2 Bg5 20. Qe2 Nf4 21. Bxf4 Bxf4 22. d5 exd5 23. Qf3 Qf6 24. Bxd5 Bxd5 25. Rxd5 Rfe8 26. Red1 Re5 27. g3 Rxd5 28. Qxd5 Be5 29. b3 Bc3 30. Qd7 Rf8 31. Qd6 Ra8 32. Qxf6 Bxf6 33. Nb6 Rb8 34. Nc4 Kg8 35. Rd6 Ra8 36. Kg2 a5 37. Rd5 a4 38. Nb6 axb3 39. axb3 Ra3 40. Rd3 Bc3 41. Nd5 Rxb3 42. Nxb4 Rxb4 43. Rxc3 Rb6 44. h4 Kh7 45. g4 Rf6 46. Kg3 Re6 47. f4 g6 48. Rd3 Kg7 49. Kf3 Ra6 50. Kg3 Ra5 51. Rf3 Ra4 52. g5 h5 53. Rd3 Rb4 54. Kf3 Ra4 55. Ke3 Ra1 56. Kf3 Rg1 57. Rd2 Rh1 58. Kg3 Rg1+ 59. Kf3 Rf1+ 60. Kg3 Rg1+ 61. Rg2 Rc1 62. Rf2 Rc3+ 63. Rf3 Rc1 64. f5 Rg1+ 65. Kh2 Rd1 66. f6+ Kf8 67. Rc3 Ke8 68. Rc8+ Kd7 69. Rf8 Ke6 70. Re8+ Kf5 71. Re7 Kg4 72. Rxf7 Rd2+ 73. Kg1 Kxh4 74. Re7 Kg3 75. Kf1 Rf2+ 76. Ke1 Rf5 77. f7 h4 78. Re3+ Kg2 79. Re2+ Kg1 80. Re4 h3 81. Rg4+ Kh2 82. Ke2 Rxf7 83. Ke3 Rf5 84. Ke4 Kh1 85. Ke3 Kh2 86. Ke2 Kh1 87. Ke3 Rf8 88. Ke2 Ra8 89. Kf3 Ra3+ 90. Kf2 Ra2+ 91. Kf3 Rg2 92. Rh4 Kh2 93. Kf4 Rg1 94. Rh6 Rf1+ 95. Ke5 Kg3 96. Rxg6 h2 97. Rh6 Re1+ 98. Kf6 Ra1 99. g6 Kg2 100. Kf7 Ra7+ 101. Kf6 Ra6+ 102. Kf7 Kg1 103. Rxh2 Kxh2 104. g7 Ra7+ 105. Kf6 Ra6+ 106. Kf7 Ra7+ 107. Kf6 Ra6+ 108. Kf7 1/2-1/2

[Event "Titled Tuesday intern op 12th Sep Late"]
[Site "Chess.com INT"]
[Date "2023.09.12"]
[Round "8"]
[White "Toncheva, Nadya"]
[Black "Filali, Razzouki Marouan"]
[Result "0-1"]
[WhiteElo "2253"]
[BlackElo "2234"]
[PlyCount "60"]
[EventDate "2023.09.12"]
[EventType "swiss (blitz)"]
[EventRounds "11"]
[EventCountry "USA"]
[SourceTitle "EXT 2024"]
[Source "ChessBase"]
[SourceDate "2023.10.10"]
[SourceVersion "1"]
[SourceVersionDate "2023.10.10"]
[SourceQuality "1"]

1. e4 c6 2. d4 d5 3. Nc3 dxe4 4. Nxe4 Nf6 5. Nxf6+ exf6 6. c3 Bd6 7. Bd3 0-0 8. Ne2 Nd7 9. 0-0 Re8 10. Ng3 Nf8 11. f4 c5 12. d5 Ng6 13. f5 Ne5 14. Bc2 c4 15. Nh5 b5 16. Bf4 g5 17. fxg6 hxg6 18. Bxe5 Bxe5 19. Ng3 Kg7 20. Qf3 Rh8 21. Rad1 Qb6+ 22. Qf2 Qc7 23. d6 Qd8 24. Qc5 Bg4 25. Rd2 Rxh2 26. Ne4 Qh8 27. d7 Qh4 28. Nf2 Rxg2+ 29. Kxg2 Qg3+ 30. Kh1 Rh8+ 0-1

[Event "Francophonie-ch 9th"]
[Site "Yamoussoukro"]
[Date "2023.07.04"]
[Round "3"]
[White "Filali, Razzouki Marouan"]
[Black "Abdellahi, Khaled Abdellahi"]
[Result "1-0"]
[WhiteElo "2214"]
[BlackElo "1937"]
[PlyCount "99"]
[EventDate "2023.07.02"]
[EventType "swiss"]
[EventRounds "9"]
[EventCountry "IVO"]
[SourceTitle "CBM 215 Extra"]
[Source "ChessBase"]
[SourceDate "2023.09.30"]
[SourceVersion "1"]
[SourceVersionDate "2023.09.30"]
[SourceQuality "1"]

1. e4 c5 2. Nf3 Nc6 3. d4 cxd4 4. Nxd4 g6 5. Nc3 Bg7 6. Nb3 Nf6 7. Be3 0-0 8. Be2 a5 9. a4 Nb4 10. Bf3 d6 11. Qd2 Bg4 12. Rd1 Bxf3 13. gxf3 Nd7 14. Qe2 f5 15. Nd4 Nc5 16. Nxf5 gxf5 17. Bxc5 Rc8 18. Bd4 e5 19. Be3 f4 20. Bc1 Rc6 21. Rd2 Qc8 22. h4 Kh8 23. Kd1 Rg8 24. Nb5 Bf8 25. Na7 Qe6 26. Nxc6 Nxc6 27. c3 Qb3+ 28. Ke1 Qxa4 29. Kf1 Be7 30. Rg1 Rc8 31. Rd1 Bxh4 32. Rxd6 Nd4 33. cxd4 Rxc1+ 34. Kg2 Rc2 35. Ra1 Qb3 36. Qd1 Rxf2+ 37. Kh3 Qg8 38. Qg1 Rxf3+ 39. Kxh4 Rg3 40. Qxg3 Qxg3+ 41. Kh5 f3 42. Rxa5 f2 43. Ra8+ Kg7 44. Rd7+ Kf6 45. Rf8+ Ke6 46. Rdd8 Qh3+ 47. Kg5 f1Q 48. d5+ Ke7 49. d6+ Ke6 50. Rfe8+ 1-0

[Event "Francophonie-ch 8th"]
[Site "Casablanca"]
[Date "2022.07.07"]
[Round "8"]
[White "Abderrahim Taleb, Mohamed"]
[Black "Filali, Razzouki Marouan"]
[Result "1-0"]
[WhiteElo "2084"]
[BlackElo "2252"]
[PlyCount "71"]
[EventDate "2022.07.02"]
[EventType "swiss"]
[EventRounds "9"]
[EventCountry "MAR"]
[SourceTitle "EXT 2023"]
[Source "ChessBase"]
[SourceDate "2022.10.05"]
[SourceVersion "1"]
[SourceVersionDate "2022.10.05"]
[SourceQuality "1"]

1. e4 c6 2. d4 d5 3. e5 c5 4. dxc5 e6 5. Nf3 Bxc5 6. Bd3 Nc6 7. a3 Nge7 8. b4 Bb6 9. 0-0 Ng6 10. Re1 Qc7 11. Bb2 a6 12. Nbd2 Qe7 13. c4 0-0 14. Qb3 Rd8 15. Rad1 Bd7 16. cxd5 exd5 17. Bxg6 hxg6 18. Qxd5 Bf5 19. Qc4 Rac8 20. Qf4 Nb8 21. Nc4 Rxd1 22. Rxd1 Bd8 23. Nd6 Rc2 24. Bd4 Nc6 25. Nxf5 gxf5 26. Qxf5 Nxd4 27. Nxd4 Ra2 28. Nf3 Bb6 29. h3 Rxf2 30. Kh2 Be3 31. Rd7 Qe8 32. Rxb7 g6 33. Qf6 Bd4 34. Re7 Qf8 35. Rd7 Bb2 36. Kg1 1-0

[Event "Titled Tuesday intern op 02nd Nov"]
[Site "Chess.com INT"]
[Date "2021.11.02"]
[Round "1"]
[White "Wong, Yinn Long"]
[Black "Filali, Razzouki Marouan"]
[Result "1-0"]
[WhiteElo "2381"]
[BlackElo "2252"]
[PlyCount "69"]
[EventDate "2021.11.02"]
[EventType "swiss (blitz)"]
[EventRounds "11"]
[EventCountry "USA"]
[SourceTitle "CBM 205 Extra"]
[Source "ChessBase"]
[SourceDate "2022.01.31"]
[SourceVersion "1"]
[SourceVersionDate "2022.01.31"]
[SourceQuality "1"]

1. d4 Nf6 2. Nc3 e6 3. e4 c5 4. e5 cxd4 5. Qxd4 Nc6 6. Qf4 Nh5 7. Qg4 g6 8. Nf3 d5 9. Bg5 Qa5 10. Bd2 Qb6 11. Na4 Qc7 12. Bb5 Bd7 13. 0-0 Nxe5 14. Bxd7+ Nxd7 15. Bc3 Rg8 16. Nd4 Nhf6 17. Qh3 e5 18. Rfe1 e4 19. f3 a6 20. fxe4 Nxe4 21. Qxh7 Rg7 22. Ne6 Rxh7 23. Nxc7+ Kd8 24. Nxa8 b5 25. N4b6 Nxb6 26. Nxb6 Bc5+ 27. Kf1 Bxb6 28. h3 Nxc3 29. bxc3 Rh5 30. Rad1 Kc7 31. Rd3 Bc5 32. Ke2 Kc6 33. Kd2 Rf5 34. Re2 Re5 35. Rxe5 1-0

[Event "Titled Tuesday intern op 25th May"]
[Site "Chess.com INT"]
[Date "2021.05.25"]
[Round "2"]
[White "Filali, Razzouki Marouan"]
[Black "Chasin, Nico Werner"]
[Result "1-0"]
[WhiteElo "2252"]
[BlackElo "2276"]
[PlyCount "47"]
[EventDate "2021.05.25"]
[EventType "swiss (blitz)"]
[EventRounds "11"]
[EventCountry "USA"]
[SourceTitle "CBM 203 Extra"]
[Source "ChessBase"]
[SourceDate "2021.09.30"]
[SourceVersion "1"]
[SourceVersionDate "2021.09.30"]
[SourceQuality "1"]

1. e4 c5 2. Nf3 e6 3. b4 cxb4 4. d4 d5 5. e5 Nc6 6. a3 bxa3 7. Bd3 a6 8. c3 f5 9. exf6 Nxf6 10. 0-0 Bd6 11. Re1 0-0 12. Ne5 Bd7 13. Bxa3 Bxa3 14. Nxa3 Nxe5 15. dxe5 Ne4 16. Bxe4 dxe4 17. Qd6 Bc6 18. Qxe6+ Kh8 19. Rad1 Qb6 20. Re3 Qb2 21. Rf1 Qxa3 22. Rh3 Qc5 23. Qg6 h6 24. Rxh6+ 1-0

[Event "Titled Tuesday intern op 25th May"]
[Site "Chess.com INT"]
[Date "2021.05.25"]
[Round "11"]
[White "Filali, Razzouki Marouan"]
[Black "Maksimovic, Bojan"]
[Result "0-1"]
[WhiteElo "2252"]
[BlackElo "2420"]
[PlyCount "104"]
[EventDate "2021.05.25"]
[EventType "swiss (blitz)"]
[EventRounds "11"]
[EventCountry "USA"]
[SourceTitle "CBM 203 Extra"]
[Source "ChessBase"]
[SourceDate "2021.09.30"]
[SourceVersion "1"]
[SourceVersionDate "2021.09.30"]
[SourceQuality "1"]

1. e4 c5 2. Nf3 Nc6 3. b4 e5 4. b5 Nd4 5. Bc4 d6 6. d3 Nf6 7. Nbd2 Be7 8. c3 Nxf3+ 9. Nxf3 0-0 10. 0-0 Be6 11. Bxe6 fxe6 12. Qb3 Qd7 13. a4 Rae8 14. Be3 Kh8 15. a5 Nh5 16. d4 exd4 17. cxd4 cxd4 18. Nxd4 Bd8 19. a6 Bb6 20. axb7 Qxb7 21. Nxe6 Qf7 22. Bxb6 axb6 23. Nd4 Qxb3 24. Nxb3 Rxe4 25. Ra6 Rb4 26. Nd2 Rxb5 27. Nc4 d5 28. Rxb6 Rxb6 29. Nxb6 Rd8 30. Rd1 Nf6 31. f3 Kg8 32. Kf2 Kf7 33. Ke3 Ke6 34. Kd4 Rb8 35. Kc5 Rd8 36. Re1+ Kf5 37. Re7 d4 38. Rxg7 d3 39. Nc4 d2 40. Ne3+ Kf4 41. Nd1 Rc8+ 42. Kd4 Rc1 43. g3+ Kxf3 44. Kd3 Rxd1 45. Rf7 Kg2 46. Rxf6 Rh1 47. Ke2 d1Q+ 48. Ke3 Re1+ 49. Kf4 Qf3+ 50. Kg5 Re5+ 51. Rf5 Qxf5+ 52. Kh6 Qg6# 0-1

[Event "Titled Tuesday intern op 25th May"]
[Site "Chess.com INT"]
[Date "2021.05.25"]
[Round "4"]
[White "Filali, Razzouki Marouan"]
[Black "Tarigan, Gilbert Elroy"]
[Result "0-1"]
[WhiteElo "2252"]
[BlackElo "2149"]
[PlyCount "142"]
[EventDate "2021.05.25"]
[EventType "swiss (blitz)"]
[EventRounds "11"]
[EventCountry "USA"]
[SourceTitle "CBM 203 Extra"]
[Source "ChessBase"]
[SourceDate "2021.09.30"]
[SourceVersion "1"]
[SourceVersionDate "2021.09.30"]
[SourceQuality "1"]

1. e4 c6 2. Nf3 d5 3. Nc3 Bg4 4. h3 Bxf3 5. Qxf3 e6 6. d4 Nf6 7. Bd3 Bb4 8. e5 Nfd7 9. Qg3 Bf8 10. Ne2 c5 11. c3 Nc6 12. 0-0 g6 13. Bg5 Be7 14. Bh6 Bf8 15. Bg5 Be7 16. h4 Bxg5 17. hxg5 h6 18. gxh6 Rxh6 19. Qe3 Qh4 20. f3 a6 21. a3 c4 22. Bc2 0-0-0 23. b3 cxb3 24. Bxb3 Na5 25. Ba2 Nb6 26. Rfb1 Nbc4 27. Bxc4 Nxc4 28. Qf4 Rh7 29. Qxh4 Rxh4 30. Kf2 Rdh8 31. Ng1 g5 32. Nh3 g4 33. Ng5 gxf3 34. Nxf3 Rg4 35. Rh1 Rhg8 36. Rhg1 Re4 37. Rae1 Rxe1 38. Rxe1 Nxa3 39. Rh1 Kd7 40. Rh7 Ke7 41. Rh1 Nb5 42. Rc1 Rc8 43. Nd2 Rxc3 44. Rh1 Nxd4 45. Rh7 a5 46. g4 a4 47. g5 Kf8 48. g6 Rc7 49. Rh8+ Kg7 50. Ra8 Kxg6 51. Ke3 Nf5+ 52. Kd3 b5 53. Ra5 Rb7 54. Nf3 b4 55. Rxa4 b3 56. Ra1 b2 57. Rb1 f6 58. Nd2 fxe5 59. Re1 e4+ 60. Kc3 d4+ 61. Kc4 e3 62. Nb1 Kf6 63. Kd3 Ke5 64. Na3 Kd5 65. Nb1 e5 66. Kc2 e4 67. Kd1 d3 68. Rh1 e2+ 69. Kd2 Kd4 70. Rh4 Nxh4 71. Nc3 Nf3# 0-1

[Event "Titled Tuesday intern op 25th May"]
[Site "Chess.com INT"]
[Date "2021.05.25"]
[Round "3"]
[White "Maly, Alexey"]
[Black "Filali, Razzouki Marouan"]
[Result "1-0"]
[WhiteElo "2371"]
[BlackElo "2252"]
[PlyCount "91"]
[EventDate "2021.05.25"]
[EventType "swiss (blitz)"]
[EventRounds "11"]
[EventCountry "USA"]
[SourceTitle "CBM 203 Extra"]
[Source "ChessBase"]
[SourceDate "2021.09.30"]
[SourceVersion "1"]
[SourceVersionDate "2021.09.30"]
[SourceQuality "1"]

1. d4 d5 2. c4 e6 3. Nf3 Nf6 4. e3 c5 5. dxc5 dxc4 6. Qxd8+ Kxd8 7. Bxc4 Bxc5 8. a3 Ke7 9. b4 Bd6 10. Bb2 a6 11. Nbd2 b5 12. Be2 Bb7 13. 0-0 Nbd7 14. Nb3 Rac8 15. Na5 Ba8 16. Rac1 Nb6 17. Nd4 Rxc1 18. Rxc1 Rc8 19. Rxc8 Nxc8 20. Ndc6+ Kd7 21. Bf3 Nb6 22. Bd4 Nbd5 23. Ne5+ Bxe5 24. Bxe5 Nc7 25. Be2 Nfe8 26. f3 f6 27. Bb2 Nd5 28. Kf2 Nd6 29. e4 Nb6 30. Ke3 Nbc4+ 31. Nxc4 Nxc4+ 32. Bxc4 bxc4 33. Kd4 Kc6 34. Kxc4 e5 35. Bc1 Bb7 36. Be3 Bc8 37. Bc5 Be6+ 38. Kc3 Kb5 39. Bf8 g6 40. Be7 f5 41. Bd6 fxe4 42. fxe4 Ka4 43. Kb2 Bc4 44. Kc3 Bf1 45. g3 Bg2 46. Kd3 1-0

[Event "Titled Tuesday intern op 25th May"]
[Site "Chess.com INT"]
[Date "2021.05.25"]
[Round "1"]
[White "Muzzi, Eduardo"]
[Black "Filali, Razzouki Marouan"]
[Result "0-1"]
[WhiteElo "1938"]
[BlackElo "2252"]
[PlyCount "78"]
[EventDate "2021.05.25"]
[EventType "swiss (blitz)"]
[EventRounds "11"]
[EventCountry "USA"]
[SourceTitle "CBM 203 Extra"]
[Source "ChessBase"]
[SourceDate "2021.09.30"]
[SourceVersion "1"]
[SourceVersionDate "2021.09.30"]
[SourceQuality "1"]

1. e4 c5 2. Nc3 d6 3. Bc4 Nf6 4. f4 e6 5. Nf3 Be7 6. 0-0 0-0 7. d3 d5 8. exd5 exd5 9. Bb3 Nc6 10. Ne5 Nd4 11. Bd2 b5 12. a4 Nxb3 13. cxb3 b4 14. Nc6 Qc7 15. Nxe7+ Qxe7 16. Ne2 Bg4 17. Rf2 Rfe8 18. Qc2 Bxe2 19. Re1 Bxd3 20. Qxd3 Qd7 21. Rfe2 Rxe2 22. Rxe2 h6 23. Re5 a5 24. Be1 Qc6 25. Bh4 c4 26. Qd4 c3 27. bxc3 bxc3 28. Re1 c2 29. Rc1 Ne4 30. Qd3 Qc5+ 31. Kf1 Rc8 32. Be1 Qc7 33. g3 Qc5 34. Kg2 f5 35. Kf3 Kh7 36. Qe3 d4 37. Qd3 Qd5 38. Ke2 Nc3+ 39. Kd2 Qg2+ 0-1

[Event "Titled Tuesday intern op 7th July"]
[Site "Chess.com INT"]
[Date "2020.07.07"]
[Round "4"]
[White "Filali, Razzouki Marouan"]
[Black "Kanyamarala, Trisha"]
[Result "1-0"]
[WhiteElo "2252"]
[BlackElo "2193"]
[PlyCount "69"]
[EventDate "2020.07.07"]
[EventType "swiss (blitz)"]
[EventRounds "10"]
[EventCountry "USA"]
[SourceTitle "CBM 197 Extra"]
[Source "ChessBase"]
[SourceDate "2020.09.30"]
[SourceVersion "1"]
[SourceVersionDate "2020.09.30"]
[SourceQuality "1"]

1. e4 c5 2. Nf3 d6 3. d4 cxd4 4. Nxd4 Nf6 5. Nc3 a6 6. Be2 Nc6 7. 0-0 e5 8. Nb3 Be7 9. Kh1 Be6 10. f4 exf4 11. Bxf4 0-0 12. Nd4 Nxd4 13. Qxd4 Rc8 14. Rad1 Rc6 15. Rd3 Rc4 16. Qe3 Qc7 17. e5 dxe5 18. Bxe5 Qc5 19. Qg3 Kh8 20. b3 Rb4 21. a3 Rb6 22. Ne4 Qxc2 23. Bd1 Qc1 24. Nxf6 gxf6 25. Rxf6 Rg8 26. Rg6+ f6 27. Rxg8+ Bxg8 28. Bd4 Re6 29. h3 Qg5 30. Qxg5 Re1+ 31. Kh2 Bd6+ 32. Qg3 Bxg3+ 33. Kxg3 Re7 34. Bxf6+ Rg7+ 35. Kh4 1-0

[Event "Titled Tuesday intern op 7th Januar"]
[Site "Chess.com INT"]
[Date "2020.01.07"]
[Round "3"]
[White "Filali, Razzouki Marouan"]
[Black "Novikov, Evgenij"]
[Result "0-1"]
[WhiteElo "2252"]
[BlackElo "2276"]
[PlyCount "252"]
[EventDate "2020.01.07"]
[EventType "swiss (blitz)"]
[EventRounds "10"]
[EventCountry "USA"]
[SourceTitle "EXT 2021"]
[Source "ChessBase"]
[SourceDate "2020.10.23"]
[SourceVersion "1"]
[SourceVersionDate "2020.10.23"]
[SourceQuality "1"]

1. e4 c6 2. d4 d5 3. exd5 cxd5 4. Nf3 Nc6 5. Be2 Bg4 6. 0-0 e6 7. c3 Bd6 8. Nbd2 Nge7 9. b4 0-0 10. Nb3 Rc8 11. Bd2 Qc7 12. h3 Bh5 13. a4 Bf4 14. Nc5 Bxd2 15. Qxd2 b6 16. Nd3 Bg6 17. Rfc1 Nf5 18. Nde5 Nxe5 19. Nxe5 Nd6 20. a5 Ne4 21. Qe3 bxa5 22. bxa5 Nd6 23. c4 dxc4 24. Bxc4 Nxc4 25. Rxc4 Qd6 26. Rac1 Rxc4 27. Rxc4 Qd5 28. Rc5 Qa2 29. Nc6 a6 30. Kh2 Qb2 31. h4 Qb7 32. h5 Bxh5 33. Ne5 Bg6 34. Qc3 Qe7 35. g3 Qf6 36. Qe3 Qd8 37. Rc6 Qxa5 38. Qc1 Qa2 39. Qe3 a5 40. Ra6 a4 41. Nc6 Qc4 42. Rb6 h5 43. Qa3 Be4 44. Ne7+ Kh7 45. Rb2 Qc1 46. f3 Bxf3 47. Qd3+ g6 48. Rb1 Qg5 49. Qxf3 Qxe7 50. Ra1 e5 51. Rxa4 exd4 52. Rxd4 Qe6 53. Rd2 Re8 54. Rf2 Re7 55. Qc3 Qd7 56. Qc2 Qc7 57. Qb2 h4 58. Rf4 hxg3+ 59. Kh3 Qd7+ 60. Kxg3 Re3+ 61. Rf3 Qd6+ 62. Kg2 Rxf3 63. Kxf3 g5 64. Qb7 Qf6+ 65. Kg4 Kg6 66. Qe4+ Kg7 67. Qb1 Qf4+ 68. Kh3 Qh4+ 69. Kg2 Qd4 70. Qf5 Qd2+ 71. Kh3 Qf4 72. Qb1 g4+ 73. Kh4 f6 74. Qc2 g3+ 75. Kh3 Kh6 76. Qc8 Kg6 77. Qg8+ Kf5 78. Qc8+ Ke4 79. Qc4+ Ke3 80. Qc1+ Kf3 81. Qf1+ Ke4 82. Qc4+ Kf5 83. Qc8+ Kg6 84. Qg8+ Kh6 85. Qh8+ Kg5 86. Qg8+ Kh5 87. Qh8+ Qh6 88. Qe8+ Qg6 89. Qh8+ Kg5 90. Kxg3 Qd3+ 91. Kf2 Qd2+ 92. Kf3 Qc3+ 93. Kf2 Qb2+ 94. Kf3 Qc3+ 95. Kf2 Qd2+ 96. Kf3 Qf4+ 97. Kg2 Kf5 98. Qc8+ Ke5 99. Qc7+ Ke4 100. Qc4+ Ke3 101. Qc1+ Ke4 102. Qc6+ Kd4 103. Qa4+ Ke5 104. Qb5+ Ke6 105. Qc6+ Kf7 106. Qd7+ Kg6 107. Qe8+ Kh6 108. Qh8+ Kg5 109. Qg7+ Kh4 110. Qh7+ Kg4 111. Qd7+ f5 112. Qg7+ Qg5 113. Qd7 Kf4+ 114. Kf1 Qg3 115. Qd6+ Kf3 116. Qd3+ Kg4 117. Qd4+ Qf4+ 118. Qf2 Qxf2+ 119. Kxf2 Kf4 120. Kg1 Ke3 121. Kf1 Kf3 122. Kg1 Ke2 123. Kh2 f4 124. Kg1 f3 125. Kh1 f2 126. Kh2 f1Q 0-1